Central Library OPAC University of Rajshahi

Life history and embryology of angiosperms / (Record no. 75249)

MARC details
000 -LEADER
fixed length control field 00574nam a22002177a 4500
001 - CONTROL NUMBER
control field 75249
003 - CONTROL NUMBER IDENTIFIER
rucl marc code BD-RjUL
005 - DATE AND TIME OF LATEST TRANSACTION
control field 20211209082650.0
008 - FIXED-LENGTH DATA ELEMENTS--GENERAL INFORMATION
fixed length control field 190207s1972 ii ||||| |||| 00| 0 eng d
035 ## - SYSTEM CONTROL NUMBER
System control number (BD-RjUL)75467
040 ## - CATALOGING SOURCE
Original cataloging agency BD-RjUL
Language of cataloging eng
Transcribing agency BD-RjUL
041 ## - LANGUAGE CODE
Language code of text/sound track or separate title eng
082 ## - DEWEY DECIMAL CLASSIFICATION NUMBER
Edition number 23
Classification number 571.86
Author mark and year JHL 1972
100 ## - MAIN ENTRY--PERSONAL NAME
Personal name Jha, B.
9 (RLIN) 227849
245 10 - TITLE STATEMENT
Title Life history and embryology of angiosperms /
Statement of responsibility, etc. B. Jha
250 ## - EDITION STATEMENT
Edition statement 2nd ed.
260 ## - PUBLICATION, DISTRIBUTION, ETC. (IMPRINT)
Place of publication, distribution, etc. Meerut :
Name of publisher, distributor, etc. Pragati Prakashan,
Date of publication, distribution, etc. 1972
300 ## - PHYSICAL DESCRIPTION
Pagination 82 p.:
Illustrations ill.;
Size 22 cm.
650 ## - SUBJECT ADDED ENTRY--TOPICAL TERM
Topical term or geographic name as entry element Embryology
9 (RLIN) 227850
942 ## - ADDED ENTRY ELEMENTS (KOHA)
Source of classification or shelving scheme Dewey Decimal Classification
Koha item type Books
Holdings
Lost status Source of classification or shelving scheme Damaged status Not for loan Collection code Permanent Location Current Location Shelving location Date acquired Source of acquisition Cost, normal purchase price Total Checkouts Full call number Date last seen Copy number Koha item type
  Dewey Decimal Classification   Not For Loan Non-fiction Central Library, University of Rajshahi Central Library, University of Rajshahi Reading Room 09/06/1976 K.P. Bagchi & co. 3.50   571.86 JHL 1972 07/02/2019 C-1 Books